00812nam a2200253 a 4500001001300000003000900013005001700022008004100039020002600080082001500106100002200121245007400143260005000217300000900267500003500276505002400311650003000335650002300365700002200388902000800410942000700418952011800425999001500543nice12345678IN_TiNIC20260116013100.0050524s1996 cama grp 000 0 eng  a0521772 c2962.500a261.7bODO aO`Donovan, Oliver aDesire of the Nationsb Rediscovering the Roots of Political Theology aCambridge bCambridge University Press c1996 a304p aincludes index and biblioraphy2 aBibliography, Index aChristianity and Politics aTheology-Political1 aO`Donovan, Oliver bSRS cBK 001040708StackRoom-aHMIbHMId2007-07-10g2962.50l0o261.7 ODOp018011r2007-07-10v2962.50w2005-05-24yBK c9578d9578